[Event "XXXIII Mitropa Cup"]
[Site "Ruzomberok SVK"]
[Date "2014.05.30"]
[Round "8.3"]
[White "Rombaldoni, Denis"]
[Black "Svane, Rasmus"]
[WhiteElo "2485"]
[BlackElo "2501"]
[Result "0-1"]
[Annotator "ITA-GER"]
[PlyCount "90"]
[EventDate "2014.05.23"]

1. Nf3 d5 2. g3 Nf6 3. Bg2 c6 4. c4 dxc4 5. O-O b5 6. a4 Bb7 7. b3 b4 8. bxc4
c5 9. e3 e6 10. Bb2 Be7 11. d4 O-O 12. a5 Qc7 13. Nbd2 Nbd7 14. Ne1 Bxg2 15.
Kxg2 cxd4 16. exd4 Rfd8 17. f4 Rac8 18. Nd3 Qc6+ 19. Qf3 Qxf3+ 20. Kxf3 Nb8 21.
h3 Ne8 22. Rfc1 Nc6 23. Ke3 Bf6 24. Ne5 Nxe5 25. dxe5 Be7 26. Bd4 Rd7 27. Ra2
f6 28. h4 fxe5 29. fxe5 g6 30. Ne4 h5 31. c5 Ng7 32. Rf2 Nf5+ 33. Rxf5 gxf5 34.
Nd6 Bxd6 35. exd6 Kf7 36. Be5 b3 37. Kd4 Rb7 38. a6 Rb4+ 39. Rc4 Rxc4+ 40. Kxc4
Ke8 41. Bd4 Kd7 42. Kxb3 Rg8 43. Be5 Kc6 44. Kc3 Kxc5 45. d7 Kc6 0-1

[Event "XXXIII Mitropa Cup"]
[Site "Ruzomberok SVK"]
[Date "2014.05.30"]
[Round "8.4"]
[White "Berchtenbreiter, Maximilian"]
[Black "Rombaldoni, Axel"]
[WhiteElo "2409"]
[BlackElo "2510"]
[Result "1/2-1/2"]
[Annotator "ITA-GER"]
[PlyCount "98"]
[EventDate "2014.05.23"]

1. e4 e6 2. d4 d5 3. Nc3 Nf6 4. e5 Nfd7 5. Nce2 c5 6. c3 Nc6 7. f4 Be7 8. Nf3
O-O 9. g3 cxd4 10. cxd4 f5 11. Bh3 b5 12. g4 Nb6 13. O-O b4 14. Ng3 g6 15. Rf2
Qd7 16. Kh1 Ba6 17. Rg2 Kh8 18. Qg1 Bd3 19. gxf5 exf5 20. Be3 Be4 21. Nxe4 dxe4
22. Nd2 Qd5 23. Rc1 Rac8 24. Nb3 a5 25. Rgc2 a4 26. Nc5 Na5 27. Bf1 b3 28. axb3
Nxb3 29. Nxa4 Nxa4 30. Rxc8 Nxc1 31. Bc4 Qb7 32. Rxf8+ Bxf8 33. Qxc1 Nxb2 34.
Ba2 Qb5 35. d5 Qe2 36. h3 Nd3 37. Qc6 Qf3+ 38. Kh2 Qe2+ 39. Kh1 Nf2+ 40. Bxf2
Qf1+ 41. Bg1 Qxh3+ 42. Bh2 Qf1+ 43. Bg1 Qh3+ 44. Bh2 Qf1+ 45. Bg1 Qf3+ 46. Kh2
Qxf4+ 47. Kg2 Qf3+ 48. Kh2 Qe2+ 49. Kh1 Qf3+ 1/2-1/2

[Event "XXXIII Mitropa Cup"]
[Site "Ruzomberok SVK"]
[Date "2014.05.31"]
[Round "9.1"]
[White "Gallagher, Joseph G."]
[Black "Brunello, Sabino"]
[WhiteElo "2472"]
[BlackElo "2582"]
[Result "1-0"]
[Annotator "ITA-SUI"]
[PlyCount "97"]
[EventDate "2014.05.23"]

1. e4 c5 2. Nf3 e6 3. d4 cxd4 4. Nxd4 Nc6 5. Nc3 Qc7 6. Be2 a6 7. O-O Nf6 8.
Be3 Bb4 9. Nxc6 bxc6 10. Qd4 c5 11. Qc4 Bb7 12. a3 Bxc3 13. Qxc3 Nxe4 14. Qxg7
O-O-O 15. f3 Rhg8 16. Qxf7 Rdf8 17. Qh5 Rf5 18. Qh4 Nf6 19. Bd3 Qe5 20. Bxf5
Qxe3+ 21. Kh1 exf5 22. Qxf6 Qe2 23. g3 Bxf3+ 24. Rxf3 Qxf3+ 25. Kg1 Qe3+ 26.
Kg2 Qe4+ 27. Kg1 Rg6 28. Qc3 Re6 29. Rf1 Re5 30. Rf4 Qd5 31. Kf2 Qe6 32. Qf3
Kc7 33. b4 Qh6 34. Kg2 Qe6 35. Kf2 Rd5 36. Qc3 d6 37. Qe3 Re5 38. Qd3 Rd5 39.
Qe3 Re5 40. Qd3 Rd5 41. Qe2 Qf6 42. Kg2 Qc3 43. Qe7+ Kc6 44. Qe8+ Kc7 45. Kh3
Qxa3 46. Qa8 Re5 47. b5 Re6 48. Rxf5 Rh6+ 49. Kg2 1-0

[Event "XXXIII Mitropa Cup"]
[Site "Ruzomberok SVK"]
[Date "2014.05.31"]
[Round "9.2"]
[White "Dvirnyy, Danyyil"]
[Black "Loetscher, Roland"]
[WhiteElo "2560"]
[BlackElo "2418"]
[Result "1/2-1/2"]
[Annotator "ITA-SUI"]
[PlyCount "61"]
[EventDate "2014.05.23"]

1. b3 e5 2. Bb2 Nc6 3. e3 d6 4. Nf3 g6 5. d4 Bg7 6. dxe5 Nxe5 7. Nxe5 Bxe5 8.
Bxe5 dxe5 9. Qxd8+ Kxd8 10. Nc3 Nf6 11. O-O-O+ Ke7 12. Be2 Be6 13. h4 Rad8 14.
a3 a5 15. Rhg1 Rxd1+ 16. Rxd1 Rd8 17. Rxd8 Kxd8 18. Bf3 b6 19. Ne4 Nxe4 20.
Bxe4 h6 21. Kd2 g5 22. hxg5 hxg5 23. b4 axb4 24. axb4 Ke7 25. g3 Kd6 26. f4
exf4 27. exf4 gxf4 28. gxf4 c5 29. bxc5+ bxc5 30. c3 f6 31. Ke3 1/2-1/2

[Event "XXXIII Mitropa Cup"]
[Site "Ruzomberok SVK"]
[Date "2014.05.31"]
[Round "9.3"]
[White "Rindlisbacher, Lars"]
[Black "Godena, Michele"]
[WhiteElo "2348"]
[BlackElo "2528"]
[Result "1-0"]
[Annotator "ITA-SUI"]
[PlyCount "119"]
[EventDate "2014.05.23"]

1. d4 d5 2. Nf3 Nf6 3. e3 Bg4 4. Nbd2 e6 5. Be2 c5 6. h3 Bh5 7. g4 Bg6 8. Ne5
Nfd7 9. Nxg6 hxg6 10. e4 Nc6 11. exd5 exd5 12. Nf3 c4 13. c3 Bd6 14. Bg5 Nf6
15. Qd2 Qc7 16. Qe3+ Kf8 17. Nd2 Nh7 18. Bh4 Re8 19. Qf3 g5 20. Bg3 Nf6 21.
O-O-O Bxg3 22. fxg3 Qe7 23. Rde1 Qe3 24. h4 Qxf3 25. Bxf3 Rxe1+ 26. Rxe1 gxh4
27. g5 Ne4 28. gxh4 Nxd2 29. Kxd2 Ne7 30. h5 b5 31. a4 bxa4 32. Ra1 Nc8 33.
Rxa4 g6 34. h6 f6 35. Ra6 fxg5 36. Rxg6 Nb6 37. Bg4 Rh7 38. Re6 Kf7 39. Rc6 Rh8
40. Bf5 Na4 41. Kc1 Rb8 42. h7 Kg7 43. Rg6+ Kh8 44. Rxg5 a5 45. Bc2 Nb6 46. Kb1
Rd8 47. Ka2 Nc8 48. Re5 Nb6 49. Ka3 Rb8 50. Re6 Kg7 51. Re7+ Kh8 52. Rc7 Nc8
53. Ka4 Nd6 54. Rd7 Ne8 55. Ka3 Nf6 56. Rf7 Ng4 57. Rf3 Nh2 58. Rf4 Kg7 59. Ka4
Rxb2 60. Rf8 1-0

[Event "XXXIII Mitropa Cup"]
[Site "Ruzomberok SVK"]
[Date "2014.05.31"]
[Round "9.4"]
[White "Rombaldoni, Axel"]
[Black "Gloor, Roger"]
[WhiteElo "2510"]
[BlackElo "2357"]
[Result "1-0"]
[Annotator "ITA-SUI"]
[PlyCount "69"]
[EventDate "2014.05.23"]

1. d4 Nf6 2. c4 e6 3. Nf3 b6 4. a3 Bb7 5. Nc3 d5 6. Bg5 Be7 7. e3 O-O 8. Qc2
Nbd7 9. cxd5 exd5 10. Bd3 h6 11. Bh4 c5 12. O-O a6 13. Rad1 c4 14. Bf5 b5 15.
Ne5 Re8 16. f4 Nf8 17. Rf3 Qd6 18. Rg3 Rab8 19. Qe2 Ba8 20. Bxf6 Qxf6 21. Qh5
Rb6 22. Bb1 a5 23. Nxb5 Bb7 24. a4 Bc8 25. f5 Nh7 26. Nc3 Rd8 27. e4 Bb7 28.
exd5 Bxd5 29. Be4 Qh4 30. Qxh4 Bxh4 31. Bxd5 Bxg3 32. Bxf7+ Kf8 33. hxg3 Rxb2
34. Bxc4 Rc8 35. Re1 1-0

[Event "Memorial Vugar Gashimov"]
[Site "Shamkir AZE"]
[Date "2014.04.20"]
[Round "1"]
[White "Nakamura, Hikaru"]
[Black "Caruana, Fabiano"]
[WhiteElo "2772"]
[BlackElo "2783"]
[Result "1/2-1/2"]
[PlyCount "121"]
[EventDate "2014.04.20"]

1. Nf3 Nf6 2. c4 c5 3. Nc3 Nc6 4. d4 cxd4 5. Nxd4 e6 6. a3 Bc5 7. Nb3 Be7 8. e4
O-O 9. Be2 b6 10. O-O Ba6 11. Bf4 d6 12. Nd2 Rc8 13. Re1 Nd7 14. b4 Bb7 15. Rc1
a6 16. Bf1 Re8 17. Qe2 Nce5 18. Be3 Nf6 19. Na4 Ned7 20. Bd4 Qc7 21. f3 Bc6 22.
Nc3 Qb8 23. Kh1 Bd8 24. a4 Bc7 25. g3 Qa8 26. Ra1 Bb7 27. Bg2 h6 28. Rec1 Qb8
29. Re1 Qa8 30. Rec1 Qb8 31. f4 e5 32. fxe5 Nxe5 33. Nd5 Nxd5 34. cxd5 Bd8 35.
Nf3 Nd7 36. Qd3 Bf6 37. Bh3 Bxd4 38. Qxd4 Rxc1+ 39. Rxc1 Qd8 40. Kg1 Re7 41.
Rc3 a5 42. b5 Nc5 43. Re3 Bc8 44. Bg2 Bg4 45. Ne1 Bh5 46. Nc2 Bg6 47. Qc4 Re8
48. Nd4 Qf6 49. Nb3 Nxb3 50. Rxb3 Qa1+ 51. Kf2 f5 52. Re3 fxe4 53. Bxe4 Qe5 54.
Kf3 Bxe4+ 55. Rxe4 Qf5+ 56. Ke3 Rc8 57. Qd3 Rf8 58. Kd2 Qg5+ 59. Kc2 Rf2+ 60.
Kb3 Qf6 61. Re2 1/2-1/2

[Event "Memorial Vugar Gashimov"]
[Site "Shamkir AZE"]
[Date "2014.04.21"]
[Round "2"]
[White "Caruana, Fabiano"]
[Black "Karjakin, Sergey"]
[WhiteElo "2783"]
[BlackElo "2772"]
[Result "1/2-1/2"]
[PlyCount "55"]
[EventDate "2014.04.20"]

1. e4 e5 2. Nf3 Nc6 3. Bb5 Nf6 4. O-O Nxe4 5. d4 Nd6 6. Bxc6 dxc6 7. dxe5 Nf5
8. Qxd8+ Kxd8 9. h3 Ke8 10. Nc3 h5 11. Rd1 Be7 12. Ne2 Nh4 13. Nxh4 Bxh4 14.
Be3 Be7 15. Rd2 h4 16. Rad1 Rh5 17. Bf4 a6 18. Nd4 c5 19. Ne2 Be6 20. Nc3 Rd8
21. Nd5 Rd7 22. Nxe7 Rxd2 23. Rxd2 Kxe7 24. a3 Rf5 25. Bh2 Rg5 26. Bf4 Rf5 27.
Bh2 Rg5 28. Bf4 1/2-1/2

[Event "Memorial Vugar Gashimov"]
[Site "Shamkir AZE"]
[Date "2014.04.22"]
[Round "3"]
[White "Radjabov, Teimour"]
[Black "Caruana, Fabiano"]
[WhiteElo "2713"]
[BlackElo "2783"]
[Result "1/2-1/2"]
[PlyCount "55"]
[EventDate "2014.04.20"]

1. Nf3 Nf6 2. c4 c5 3. Nc3 d5 4. cxd5 Nxd5 5. d4 Nxc3 6. bxc3 g6 7. e4 Bg7 8.
Rb1 O-O 9. Be2 cxd4 10. cxd4 Qa5+ 11. Bd2 Qxa2 12. O-O Bg4 13. Rxb7 Bxf3 14.
Bxf3 Bxd4 15. Bb4 Rd8 16. Qc1 Na6 17. Bxe7 Rac8 18. Qg5 Nc5 19. Bxc5 Bxc5 20.
Bg4 Rd2 21. Rxf7 Kxf7 22. Bxc8 Bxf2+ 23. Kh1 Qc4 24. Qf4+ Kg7 25. Qe5+ Kh6 26.
Qf4+ Kg7 27. Qe5+ Kh6 28. Qf4+ 1/2-1/2

[Event "Memorial Vugar Gashimov"]
[Site "Shamkir AZE"]
[Date "2014.04.23"]
[Round "4"]
[White "Caruana, Fabiano"]
[Black "Carlsen, Magnus"]
[WhiteElo "2783"]
[BlackElo "2881"]
[Result "1-0"]
[PlyCount "105"]
[EventDate "2014.04.20"]

1. e4 e5 2. Nf3 Nc6 3. Bb5 Nf6 4. O-O Nxe4 5. d4 Nd6 6. Bxc6 dxc6 7. dxe5 Nf5
8. Qxd8+ Kxd8 9. h3 h6 10. Rd1+ Ke8 11. Nc3 Bd7 12. Bf4 Rd8 13. Ne4 Be7 14. g4
Nh4 15. Nxh4 Bxh4 16. Kg2 Be6 17. f3 b6 18. b3 c5 19. c4 Rd7 20. Bg3 Be7 21.
Rxd7 Bxd7 22. Nc3 Kd8 23. Nd5 Re8 24. Rd1 Kc8 25. Nxc7 Rd8 26. Nd5 Re8 27. Be1
Bd8 28. Bc3 g6 29. Kg3 b5 30. cxb5 Bxb5 31. Ne3 Re6 32. f4 Ra6 33. Rd2 h5 34.
gxh5 gxh5 35. Nf5 Rg6+ 36. Kh2 Bc6 37. Nd6+ Kb8 38. f5 Rg8 39. f6 Bb6 40. Nc4
Re8 41. Nd6 Rg8 42. Nxf7 c4 43. h4 Rg4 44. e6 Be3 45. Be5+ Ka8 46. Rd8+ Kb7 47.
Bg3 c3 48. Rb8+ Ka6 49. Rc8 Bd5 50. Rxc3 Bd4 51. Rd3 Re4 52. Rd2 Rxe6 53. Ng5
1-0

[Event "Memorial Vugar Gashimov"]
[Site "Shamkir AZE"]
[Date "2014.04.24"]
[Round "5"]
[White "Mamedyarov, Shakhriyar"]
[Black "Caruana, Fabiano"]
[WhiteElo "2760"]
[BlackElo "2783"]
[Result "1-0"]
[PlyCount "167"]
[EventDate "2014.04.20"]

1. d4 Nf6 2. c4 g6 3. Nc3 d5 4. Nf3 Bg7 5. cxd5 Nxd5 6. Bg5 Nxc3 7. bxc3 c5 8.
Rc1 Bg4 9. Qb3 Qc7 10. e3 Bxf3 11. gxf3 O-O 12. d5 a6 13. a4 b5 14. axb5 axb5
15. Bxb5 Nd7 16. c4 Ne5 17. Ke2 Ra7 18. f4 Ng4 19. Rc2 Nf6 20. Qd3 Rfa8 21.
Bxf6 Bxf6 22. Bc6 Rb8 23. h3 Rb6 24. Bb5 Qc8 25. Rd2 Kg7 26. Kf3 Ra1 27. Rdd1
Ra2 28. Kg2 Bh4 29. Rhf1 Rf6 30. Qb3 Ra7 31. Qc3 Kh6 32. Ra1 Rxa1 33. Qxa1 g5
34. fxg5+ Bxg5 35. Qe5 Bh4 36. Qe4 Rg6+ 37. Kh2 Bf6 38. Ba4 Qc7+ 39. Kh1 Qc8
40. Qf3 Kg7 41. Bc2 Rg5 42. Rb1 Be5 43. Rg1 Rxg1+ 44. Kxg1 Bd6 45. Kg2 Qg8 46.
Qh5 Kh8+ 47. Kf1 Qg7 48. f4 Kg8 49. Kf2 Kh8 50. Kf3 Bc7 51. Qf5 Bd6 52. Qh5 Bc7
53. Bb1 Bb8 54. Bd3 Bd6 55. h4 Qg8 56. Bc2 Qg7 57. Bd3 Qg8 58. Be4 Qg7 59. Bb1
Qg8 60. Bd3 Qg7 61. e4 Qc3 62. Qxf7 Qxd3+ 63. Kg4 Qe2+ 64. Kf5 h5 65. Qf8+ Kh7
66. Qf7+ Kh8 67. Qg6 Qxc4 68. Qxh5+ Kg7 69. Qg6+ Kh8 70. Ke6 Qf1 71. Qh6+ Kg8
72. Qg6+ Kh8 73. Qh5+ Kg7 74. Qg4+ Kf8 75. Qh5 Kg7 76. Qg5+ Kf8 77. e5 Qb1 78.
Qh6+ Kg8 79. Qg5+ Kf8 80. f5 Bxe5 81. Qxe7+ Kg8 82. Kxe5 Qb2+ 83. Ke6 Qe2+ 84.
Kf6 1-0

[Event "Memorial Vugar Gashimov"]
[Site "Shamkir AZE"]
[Date "2014.04.26"]
[Round "6"]
[White "Caruana, Fabiano"]
[Black "Nakamura, Hikaru"]
[WhiteElo "2783"]
[BlackElo "2772"]
[Result "1/2-1/2"]
[PlyCount "82"]
[EventDate "2014.04.20"]

1. e4 e5 2. Nf3 Nc6 3. Bb5 a6 4. Ba4 Nf6 5. O-O Nxe4 6. d4 b5 7. Bb3 d5 8. dxe5
Be6 9. Nbd2 Nc5 10. c3 Be7 11. Bc2 d4 12. Nb3 d3 13. Bb1 Nxb3 14. axb3 Bf5 15.
Re1 O-O 16. b4 Qd7 17. h3 Bg6 18. Bg5 Bxg5 19. Nxg5 a5 20. e6 fxe6 21. Nxe6
Rfe8 22. Nc5 Qd6 23. Bxd3 Rxe1+ 24. Qxe1 Re8 25. Qd1 axb4 26. cxb4 Bxd3 27.
Qxd3 Qxd3 28. Nxd3 Rd8 29. Ra3 Rd4 30. Rb3 Ne7 31. Nc5 c6 32. Re3 Nd5 33. Re6
Nxb4 34. Re7 Rd6 35. Ne6 Nd5 36. Rxg7+ Kh8 37. Nc7 Rd8 38. Rf7 Kg8 39. Rg7+ Kh8
40. Rf7 Kg8 41. Rg7+ Kh8 1/2-1/2

[Event "Memorial Vugar Gashimov"]
[Site "Shamkir AZE"]
[Date "2014.04.27"]
[Round "7"]
[White "Karjakin, Sergey"]
[Black "Caruana, Fabiano"]
[WhiteElo "2772"]
[BlackElo "2783"]
[Result "1/2-1/2"]
[PlyCount "102"]
[EventDate "2014.04.20"]

1. d4 Nf6 2. c4 g6 3. Nc3 d5 4. cxd5 Nxd5 5. e4 Nxc3 6. bxc3 Bg7 7. Nf3 c5 8.
Rb1 O-O 9. Be2 cxd4 10. cxd4 Qa5+ 11. Bd2 Qxa2 12. O-O Bg4 13. Be3 Nc6 14. d5
Ne5 15. Rxb7 a5 16. Rxe7 a4 17. Re1 a3 18. Nxe5 Bxe2 19. Rxe2 Qxe2 20. Qxe2 a2
21. Bd4 a1=Q+ 22. Bxa1 Rxa1+ 23. Qf1 Rxf1+ 24. Kxf1 Bf6 25. Nc6 Bxe7 26. Nxe7+
Kg7 27. Nc6 Rc8 28. g4 h6 29. h4 Kf8 30. h5 gxh5 31. gxh5 Ra8 32. Kg2 Ra1 33.
f3 Rd1 34. Ne5 f5 35. Nc4 Rd3 36. Ne5 Rd1 37. Ng6+ Kf7 38. Nh4 fxe4 39. fxe4
Re1 40. Kf3 Rh1 41. Kg4 Rg1+ 42. Kf4 Rh1 43. Nf5 Rxh5 44. e5 Rh1 45. e6+ Kf6
46. e7 Rf1+ 47. Kg3 Kf7 48. Kg4 Rxf5 49. Kxf5 Kxe7 50. Kg6 Kd6 51. Kxh6 Kxd5
1/2-1/2

[Event "Memorial Vugar Gashimov"]
[Site "Shamkir AZE"]
[Date "2014.04.28"]
[Round "8"]
[White "Caruana, Fabiano"]
[Black "Radjabov, Teimour"]
[WhiteElo "2783"]
[BlackElo "2713"]
[Result "1-0"]
[PlyCount "103"]
[EventDate "2014.04.20"]

1. d4 Nf6 2. c4 g6 3. Nc3 Bg7 4. e4 d6 5. Nf3 O-O 6. Be2 e5 7. Be3 Ng4 8. Bg5
f6 9. Bh4 Nc6 10. d5 Ne7 11. Nd2 f5 12. Bxg4 fxg4 13. Bg5 h6 14. Be3 c5 15.
dxc6 bxc6 16. b4 d5 17. exd5 cxd5 18. Bc5 e4 19. Bxe7 Qxe7 20. Nxd5 Qf7 21. O-O
Bxa1 22. Qxa1 Bf5 23. Ne3 Rad8 24. Nb3 Be6 25. Qc1 h5 26. Nc5 Rd4 27. Qc3 Rxc4
28. Qb2 Rxc5 29. bxc5 Bxa2 30. g3 Be6 31. Ra1 Kh7 32. Ra4 Qg7 33. Qd2 Rf7 34.
c6 Qe5 35. Ra5 Qc7 36. Qc3 Qd6 37. Rb5 Bc8 38. Qc2 a6 39. Rd5 Qf6 40. c7 Rf8
41. Qd2 Qf7 42. Rd8 Kg8 43. Qd5 Kg7 44. Qd4+ Kh6 45. Nc4 Be6 46. Qc5 Rg8 47.
c8=Q Bxc8 48. Rxc8 Rxc8 49. Qxc8 Qd5 50. Ne3 Qd3 51. Qh8+ Kg5 52. Qf8 1-0

[Event "Memorial Vugar Gashimov"]
[Site "Shamkir AZE"]
[Date "2014.04.29"]
[Round "9"]
[White "Caruana, Fabiano"]
[Black "Mamedyarov, Shakhriyar"]
[WhiteElo "2783"]
[BlackElo "2760"]
[Result "1-0"]
[PlyCount "111"]
[EventDate "2014.04.20"]

1. d4 d5 2. c4 c6 3. Nf3 Nf6 4. e3 Bg4 5. Nc3 e6 6. h3 Bh5 7. Qb3 Qb6 8. Nh4 g5
9. Nf3 h6 10. Ne5 Nfd7 11. Nd3 Bg6 12. h4 Rg8 13. hxg5 hxg5 14. Bd2 dxc4 15.
Qxc4 Qa6 16. Nc1 Qxc4 17. Bxc4 Nb6 18. Be2 N8d7 19. e4 Be7 20. Nb3 f5 21. f3 a5
22. a4 e5 23. exf5 Bf7 24. Bd1 Nc4 25. Ne4 g4 26. Bc3 gxf3 27. gxf3 O-O-O 28.
Kf2 exd4 29. Nxd4 Nc5 30. Be2 Nxe4+ 31. fxe4 Nd2 32. Bxd2 Rxd4 33. Ke3 Bc5 34.
Bc3 Rg3+ 35. Kf2 Rxc3 36. bxc3 Rxe4+ 37. Ke1 Bc4 38. Rh2 Re5 39. f6 Bxe2 40.
Rxe2 Rf5 41. Re8+ Kc7 42. Ra8 Bf2+ 43. Ke2 Bh4 44. f7 Rxf7 45. Rxa5 Rf2+ 46.
Ke3 Rc2 47. Ra3 Be7 48. Rb3 Ra2 49. Re5 Bd6 50. Rf5 Kb8 51. Rf7 Bc7 52. Rb4 Rh2
53. Kd3 Rg2 54. Re4 Rg3+ 55. Kc2 Ba5 56. Ree7 1-0

[Event "Memorial Vugar Gashimov"]
[Site "Shamkir AZE"]
[Date "2014.04.30"]
[Round "10"]
[White "Carlsen, Magnus"]
[Black "Caruana, Fabiano"]
[WhiteElo "2881"]
[BlackElo "2783"]
[Result "1-0"]
[PlyCount "97"]
[EventDate "2014.04.20"]

1. d4 Nf6 2. Nf3 g6 3. g3 Bg7 4. Bg2 c5 5. c3 d5 6. dxc5 O-O 7. O-O a5 8. Be3
Nc6 9. Na3 a4 10. Qc1 e5 11. Rd1 Qe7 12. Nb5 Be6 13. Ng5 Bg4 14. Nd6 h6 15. Nf3
Kh7 16. h3 Be6 17. b4 axb3 18. axb3 Rxa1 19. Qxa1 Ne4 20. Nd2 f5 21. N2xe4 dxe4
22. Qb1 f4 23. Bd2 e3 24. Be1 Bf5 25. Qc1 h5 26. fxe3 fxg3 27. Bxg3 Qg5 28. e4
Qxg3 29. Rd3 Qh4 30. exf5 gxf5 31. e4 fxe4 32. Bxe4+ Kh8 33. Qe3 Rf4 34. Bg2
Qe7 35. Qe2 Qh4 36. b4 e4 37. Nxe4 Ne5 38. Rd5 Kg8 39. b5 Rf5 40. c6 bxc6 41.
bxc6 Qe7 42. Nd6 Rg5 43. Nb5 Qe6 44. Rd8+ Kh7 45. Qe4+ Rg6 46. c7 Qa6 47. c8=Q
Qa1+ 48. Kf2 Qb2+ 49. Ke1 1-0

[Event "C.to Italiano U08"]
[Site "Tarvisio ITA"]
[Date "2014.06.30"]
[Round "3"]
[White "Serloni, Ludovico"]
[Black "Piccinno, Matteo"]
[WhiteElo "1560"]
[BlackElo "1422"]
[Result "0-1"]
[PlyCount "69"]
[EventDate "2014.06.29"]

1. e4 e6 2. Nc3 d5 3. exd5 exd5 4. d4 Nf6 5. Nf3 Be7 6. Be2 O-O 7. O-O Bf5 8.
Bf4 c6 9. h3 Nbd7 10. Bd3 Bxd3 11. Qxd3 Re8 12. Rfe1 Nb6 13. Ne5 Bd6 14. Qg3
Nh5 15. Qg4 Nxf4 16. Qxf4 f6 17. Re2 fxe5 18. dxe5 Be7 19. e6 Bd6 20. Qf7+ Kh8
21. Rae1 Re7 22. Qh5 Qf8 23. Nd1 Rae8 24. Re3 g6 25. Qg4 Qf4 26. Qxf4 Bxf4 27.
Rf3 Bd6 28. Rfe3 Na8 29. g3 Nc7 30. Rb3 b6 31. Rd3 Rxe6 32. Rxe6 Rxe6 33. c4
dxc4 34. Re3 Rxe3 35. Nxe3 0-1

[Event "C.to Italiano U08"]
[Site "Tarvisio ITA"]
[Date "2014.07.01"]
[Round "4"]
[White "Paduano, Claudio"]
[Black "Pizzoferrato, Mattia"]
[WhiteElo "1558"]
[BlackElo "1326"]
[Result "1-0"]
[PlyCount "45"]
[EventDate "2014.06.29"]

1. e4 d5 2. exd5 Qxd5 3. Nc3 Qd6 4. d4 Nf6 5. Nf3 a6 6. Bd3 b5 7. O-O Bb7 8.
Re1 e6 9. Ne4 Qb6 10. Nxf6+ gxf6 11. Be3 Qd6 12. c4 bxc4 13. Bxc4 Nd7 14. Bd2
O-O-O 15. b4 Nb6 16. Bd3 Be7 17. a4 Rhg8 18. h3 Bxf3 19. Qxf3 Qxd4 20. Bxa6+
Kd7 21. Bc3 Qh4 22. Bb5+ Kd6 23. Qc6# 1-0

[Event "C.to Italiano U08"]
[Site "Tarvisio ITA"]
[Date "2014.07.02"]
[Round "5"]
[White "Calogiuri, Jacopo"]
[Black "Paduano, Claudio"]
[WhiteElo "1328"]
[BlackElo "1558"]
[Result "0-1"]
[PlyCount "128"]
[EventDate "2014.06.29"]

1. e4 e6 2. d4 d5 3. e5 c5 4. Nf3 Nc6 5. c3 Bd7 6. Be2 Qc7 7. O-O g6 8. Be3 c4
9. b3 cxb3 10. axb3 Nge7 11. c4 Bg7 12. Nc3 O-O 13. Nb5 Qd8 14. c5 Nc8 15. Qd2
a6 16. Ra2 N6a7 17. Nd6 Nxd6 18. cxd6 Nc6 19. Bh6 b5 20. Qf4 f5 21. Nh4 Nxd4
22. Bd1 Nc6 23. Bxg7 Kxg7 24. Qg3 f4 25. Qc3 Qxh4 26. Bf3 g5 27. h3 Rac8 28.
Qd2 a5 29. Re1 h5 30. Qd1 Rh8 31. g3 fxg3 32. fxg3 Qxg3+ 33. Rg2 Qf4 34. Rf1
Qxe5 35. Rff2 h4 36. Rxg5+ Qxg5+ 37. Rg2 Qxg2+ 38. Bxg2 Rh6 39. Qg4+ Rg6 40.
Qxh4 e5 41. Kh2 e4 42. Kh1 a4 43. bxa4 bxa4 44. Qe1 Ra8 45. Qc3+ d4 46. Qb2 a3
47. Qa2 e3 48. Be4 Rxd6 49. Qg2+ Kf7 50. Qa2+ Ke7 51. Bf3 Bf5 52. Qg2 Rg6 53.
Qa2 d3 54. Bxc6 Rxc6 55. Qd5 a2 56. Qe5+ Re6 57. Qc7+ Ke8 58. Kh2 a1=Q 59. Qg3
Ra2+ 60. Qg2 Rxg2+ 61. Kxg2 Qf1+ 62. Kxf1 d2 63. Ke2 Bc2 64. Kf3 d1=Q+ 0-1

[Event "C.to Italiano U08"]
[Site "Tarvisio ITA"]
[Date "2014.07.02"]
[Round "6"]
[White "Piccinno, Matteo"]
[Black "Paduano, Claudio"]
[WhiteElo "1422"]
[BlackElo "1558"]
[Result "1/2-1/2"]
[PlyCount "79"]
[EventDate "2014.06.29"]

1. e3 e5 2. d4 exd4 3. exd4 d5 4. Bd3 Nf6 5. Nf3 Bd6 6. O-O O-O 7. Bg5 Bg4 8.
Nbd2 Nbd7 9. c3 h6 10. Bh4 c6 11. Qc2 Qc7 12. Bg3 Bxg3 13. fxg3 Rfe8 14. Rfe1
Rxe1+ 15. Rxe1 Re8 16. Rxe8+ Nxe8 17. Bf5 Bxf5 18. Qxf5 Nd6 19. Qd3 Nf6 20. Qe2
Nde4 21. Nxe4 Nxe4 22. Nd2 Nxd2 23. Qxd2 Qe7 24. Kf2 Kh7 25. Qf4 Qe4 26. Qd2
Kg6 27. Qe2 Qxe2+ 28. Kxe2 Kf5 29. Kf3 g5 30. g4+ Ke6 31. g3 f5 32. h4 b5 33.
b4 a6 34. a3 Kf6 35. gxf5 Kxf5 36. hxg5 hxg5 37. g4+ Ke6 38. Ke3 Kd6 39. Kd3
Kc7 40. Kc2 1/2-1/2

[Event "C.to Italiano U08"]
[Site "Tarvisio ITA"]
[Date "2014.07.03"]
[Round "7"]
[White "Paduano, Claudio"]
[Black "Serloni, Ludovico"]
[WhiteElo "1558"]
[BlackElo "1560"]
[Result "1/2-1/2"]
[PlyCount "94"]
[EventDate "2014.06.29"]

1. e4 e5 2. Nf3 Nc6 3. d4 exd4 4. Nxd4 Bc5 5. Be3 Qf6 6. c3 Nge7 7. Bc4 O-O 8.
O-O a6 9. f4 Nxd4 10. cxd4 Ba7 11. Nc3 b5 12. Bd3 Bb7 13. e5 Qb6 14. Qg4 f5 15.
Qg3 d6 16. Rfe1 dxe5 17. dxe5 Qg6 18. Qxg6 Nxg6 19. g3 Bxe3+ 20. Rxe3 Rad8 21.
Rd1 Rd7 22. Bc4+ Bd5 23. Bxd5+ Kh8 24. e6 Rd6 25. Bb3 Rxd1+ 26. Nxd1 c5 27. Bc2
c4 28. Bxf5 Rxf5 29. e7 Nxe7 30. Rxe7 h6 31. Ne3 Rf6 32. f5 Rd6 33. Nf1 Rd1 34.
Re6 Rb1 35. Rxa6 Rxb2 36. Ne3 c3 37. Rc6 b4 38. Rc4 Rxa2 39. Rxb4 c2 40. Nxc2
Rxc2 41. Rb8+ Kh7 42. g4 Rc4 43. h3 Rc3 44. Kg2 Rc2+ 45. Kf3 Rc3+ 46. Kg2 Rc2+
47. Kg1 Rc3 1/2-1/2

[Event "C.to Italiano U08 femminile"]
[Site "Tarvisio ITA"]
[Date "2014.06.30"]
[Round "2"]
[White "De Bellis, Vera"]
[Black "Sulis, Giorgia"]
[WhiteElo "1353"]
[BlackElo "1338"]
[Result "0-1"]
[PlyCount "118"]
[EventDate "2014.06.29"]

1. e4 e5 2. Bc4 Nf6 3. Nc3 Bb4 4. Nf3 Bxc3 5. bxc3 d6 6. d3 Bg4 7. h3 Bh5 8. g4
Bg6 9. h4 h5 10. g5 Nfd7 11. Bb2 Nc6 12. Bb5 f5 13. Bxc6 bxc6 14. Qd2 fxe4 15.
dxe4 Bxe4 16. Qe2 Bxf3 17. Qxf3 c5 18. Qf5 Rb8 19. Rb1 Rf8 20. Qg6+ Ke7 21.
Qxg7+ Ke6 22. Qh6+ Nf6 23. Rf1 Rh8 24. Qg7 Rg8 25. Qh6 Rf8 26. f4 exf4 27. Rxf4
Qe7 28. Qg6 a5 29. Kd2 Qf7 30. Qf5+ Ke7 31. Re1+ Kd8 32. g6 Qg7 33. Rb1 d5 34.
c4 dxc4 35. Ke2 Qe7+ 36. Kf2 c3 37. Rd1+ Ke8 38. Re1 cxb2 39. g7 Rg8 40. c3
b1=Q 41. Rxb1 Rxb1 42. Qxb1 Rxg7 43. Rf3 Rg4 44. Qb5+ Kf8 45. Qb8+ Kf7 46. c4
Rxh4 47. Qh8 Kg6 48. Rg3+ Kf7 49. Qg7+ Ke8 50. Re3 Ne4+ 51. Rxe4 Rxe4 52. Qg6+
Kd7 53. Qa6 Qf7+ 54. Kg3 Rg4+ 55. Kh3 Qf3+ 56. Kh2 Rh4+ 57. Kg1 Rg4+ 58. Kh2
Qg3+ 59. Kh1 Qg1# 0-1

[Event "C.to Italiano U08 femminile"]
[Site "Tarvisio ITA"]
[Date "2014.06.30"]
[Round "3"]
[White "Cassanelli, Emma"]
[Black "Guarino, Carretta Alessia"]
[WhiteElo "1311"]
[BlackElo "1335"]
[Result "1-0"]
[PlyCount "99"]
[EventDate "2014.06.29"]

1. e4 e5 2. Nf3 Nc6 3. Bc4 Bc5 4. Nc3 Nf6 5. d3 O-O 6. Bg5 d6 7. h3 h6 8. Bh4
Nd4 9. O-O Nxf3+ 10. Qxf3 Bd7 11. Bxf6 Qxf6 12. Qxf6 gxf6 13. Nd5 Rae8 14.
Nxf6+ Kh8 15. Nxe8 Rxe8 16. Bxf7 Rf8 17. Bd5 c6 18. Bb3 Bd4 19. c3 Bb6 20. Rad1
c5 21. Rfe1 a5 22. Bd5 Rb8 23. Re3 Be8 24. Rf3 Bh5 25. g4 Bg6 26. Rf6 Kg7 27.
Rxd6 Bc7 28. Rd7+ Kf8 29. Rxc7 b5 30. Rxc5 Ke7 31. Rc6 Kd7 32. Rxg6 Rh8 33.
Bc6+ Ke7 34. Bxb5 Kf7 35. Ra6 Rc8 36. Bc4+ Ke7 37. Rxa5 Kd6 38. Rd5+ Kc6 39.
Rxe5 Rb8 40. Bd5+ Kd6 41. Re6+ Kd7 42. Rxh6 Rxb2 43. Bc6+ Ke7 44. e5 Rxa2 45.
Rd6 Ra6 46. Rb1 Kf8 47. Rb7 Ra8 48. Rf6+ Kg8 49. Bd5+ Kh8 50. Rh6# 1-0

[Event "C.to Italiano U08 femminile"]
[Site "Tarvisio ITA"]
[Date "2014.07.01"]
[Round "4"]
[White "Pazzi, Anna"]
[Black "Cassanelli, Emma"]
[WhiteElo "1413"]
[BlackElo "1311"]
[Result "0-1"]
[PlyCount "80"]
[EventDate "2014.06.29"]

1. e4 e5 2. Nf3 Nc6 3. Bb5 Bc5 4. d3 Qe7 5. Nc3 Nf6 6. Bg5 h6 7. Bh4 Qe6 8. O-O
O-O 9. h3 Nd4 10. Nxd4 Bxd4 11. Qe1 d5 12. Rb1 dxe4 13. dxe4 Nh5 14. Nd5 Kh8
15. Ne7 Nf4 16. Qb4 c5 17. Qa4 g5 18. Bg3 Qxe7 19. c3 Bd7 20. cxd4 exd4 21.
Bxd7 Ne2+ 22. Kh2 Qxe4 23. Bg4 Rfe8 24. Bxe2 h5 25. Bb5 Re6 26. Bd7 Ra6 27. f3
Qd5 28. Qb5 Rb6 29. Qe2 Qxd7 30. Qe5+ f6 31. Qxc5 h4 32. Bf2 Rc8 33. Qxd4 Qc7+
34. g3 Rd8 35. Qc3 Qe7 36. Bxb6 axb6 37. Rbc1 Qe2+ 38. Kg1 hxg3 39. Qxf6+ Kh7
40. Qxd8 Qh2# 0-1